Statistics for Ballon D'or Top 3 since 1956

Click here to take the quiz!

General Stats

  • This quiz has been taken 1,320 times
    (407 since last reset)
  • The average score is 137 of 203

Answer Stats

YearPlayerNationalityTeam% Correct
2011Lionel MessiArgentinaBarcelona
99%
2017Lionel MessiArgentinaBarcelona
99%
2010Lionel MessiArgentinaBarcelona
99%
2019Lionel MessiArgentinaBarcelona
99%
2012Lionel MessiArgentinaBarcelona
99%
2009Lionel MessiArgentinaBarcelona
99%
2021Lionel MessiArgentinaBarcelona / Paris Saint-Germain
99%
2008Lionel MessiArgentinaBarcelona
99%
2016Lionel MessiArgentinaBarcelona
99%
2007Lionel MessiArgentinaBarcelona
99%
2013Lionel MessiArgentinaBarcelona
99%
2014Lionel MessiArgentinaBarcelona
99%
2023Lionel MessiArgentinaParis Saint-Germain / Inter Miami
99%
2015Lionel MessiArgentinaBarcelona
99%
2014Cristiano RonaldoPortugalReal Madrid
98%
2013Cristiano RonaldoPortugalReal Madrid
98%
2012Cristiano RonaldoPortugalReal Madrid
98%
2016Cristiano RonaldoPortugalReal Madrid
98%
2017Cristiano RonaldoPortugalReal Madrid
98%
2015Cristiano RonaldoPortugalReal Madrid
98%
2011Cristiano RonaldoPortugalReal Madrid
98%
2018Cristiano RonaldoPortugalReal Madrid / Juventus
98%
2009Cristiano RonaldoPortugalManchester United / Real Madrid
98%
2019Cristiano RonaldoPortugalJuventus
98%
2008Cristiano RonaldoPortugalManchester United
98%
2007Cristiano RonaldoPortugalManchester United
98%
2002RonaldoBrazilInter Milan / Real Madrid
98%
1996RonaldoBrazilPSV Eindhoven / Barcelona
98%
1997RonaldoBrazilBarcelona / Inter Milan
98%
1998RonaldoBrazilInter Milan
98%
2017NeymarBrazilBarcelona / Paris Saint-Germain
97%
2015NeymarBrazilBarcelona
97%
2023Kylian MbappéFranceParis Saint-Germain
96%
2018Luka ModrićCroatiaReal Madrid
96%
2011XaviSpainBarcelona
96%
2009XaviSpainBarcelona
96%
2010XaviSpainBarcelona
96%
2023Erling HaalandNorwayManchester City
95%
2022Karim BenzemaFranceReal Madrid
95%
2021Robert LewandowskiPolandBayern München
95%
2010Andrés IniestaSpainBarcelona
94%
2012Andrés IniestaSpainBarcelona
94%
2022Sadio ManéSenegalLiverpool
94%
2013Franck RibéryFranceBayern München
93%
2007KakáBrazilAC Milan
93%
2022Kevin De BruyneBelgiumManchester City
93%
2004RonaldinhoBrazilBarcelona
93%
2005RonaldinhoBrazilBarcelona
93%
2006Thierry HenryFranceArsenal
93%
2003Thierry HenryFranceArsenal
93%
2016Antoine GriezmannFranceAtlético Madrid
92%
2018Antoine GriezmannFranceAtlético Madrid
92%
2004Andriy ShevchenkoUkraineAC Milan
91%
1999Andriy ShevchenkoUkraineDynamo Kyiv / AC Milan
91%
2000Andriy ShevchenkoUkraineAC Milan
91%
2006Fabio CannavaroItalyJuventus / Real Madrid
91%
2014Manuel NeuerGermanyBayern München
90%
1998Zinedine ZidaneFranceJuventus
90%
2000Zinedine ZidaneFranceJuventus
90%
1997Zinedine ZidaneFranceJuventus
90%
2000Luís FigoPortugalBarcelona / Real Madrid
89%
2005Steven GerrardEnglandLiverpool
89%
2021JorginhoItalyChelsea
88%
1989Marco van BastenNetherlandsAC Milan
88%
1988Marco van BastenNetherlandsAC Milan
88%
1992Marco van BastenNetherlandsAC Milan
88%
2003Paolo MaldiniItalyAC Milan
88%
1994Paolo MaldiniItalyAC Milan
88%
2019Virgil van DijkNetherlandsLiverpool
88%
1975Johan CruyffNetherlandsBarcelona
87%
1974Johan CruyffNetherlandsBarcelona
87%
1973Johan CruyffNetherlandsAjax / Barcelona
87%
1971Johan CruyffNetherlandsAjax
87%
2003Pavel NedvědCzechiaJuventus
87%
1970Gigi RivaItalyCagliari
86%
1969Gigi RivaItalyCagliari
86%
2005Frank LampardEnglandChelsea
85%
2001Michael OwenEnglandLiverpool
85%
1988Ruud GullitNetherlandsAC Milan
84%
1987Ruud GullitNetherlandsPSV Eindhoven / AC Milan
84%
2008Fernando TorresSpainLiverpool
83%
1970Gerd MüllerWest GermanyBayern München
83%
1973Gerd MüllerWest GermanyBayern München
83%
1972Gerd MüllerWest GermanyBayern München
83%
1969Gerd MüllerWest GermanyBayern München
83%
1999RivaldoBrazilBarcelona
83%
2001Oliver KahnGermanyBayern München
82%
2002Oliver KahnGermanyBayern München
82%
1995George WeahLiberiaParis Saint-Germain / AC Milan
81%
2006Gianluigi BuffonItalyJuventus
81%
2002Roberto CarlosBrazilReal Madrid
81%
1957Alfredo Di StéfanoSpainReal Madrid
80%
1956Alfredo Di StéfanoSpainReal Madrid
80%
1959Alfredo Di StéfanoSpainReal Madrid
80%
1994Hristo StoichkovBulgariaBarcelona
80%
1992Hristo StoichkovBulgariaBarcelona
80%
1996Alan ShearerEnglandBlackburn Rovers / Newcastle United
77%
2004DecoPortugalPorto / Barcelona
77%
1975Franz BeckenbauerWest GermanyBayern München
77%
1974Franz BeckenbauerWest GermanyBayern München
77%
1976Franz BeckenbauerWest GermanyBayern München
77%
1972Franz BeckenbauerWest GermanyBayern München
77%
1966Franz BeckenbauerWest GermanyBayern München
77%
1977Michel PlatiniFranceNancy
77%
1985Michel PlatiniFranceJuventus
77%
1984Michel PlatiniFranceJuventus
77%
1980Michel PlatiniFranceSaint-Étienne
77%
1983Michel PlatiniFranceJuventus
77%
2001RaúlSpainReal Madrid
77%
1999David BeckhamEnglandManchester United
76%
1993Eric CantonaFranceManchester United
74%
1966Bobby CharltonEnglandManchester United
73%
1968Bobby CharltonEnglandManchester United
73%
1967Bobby CharltonEnglandManchester United
73%
1998Davor ŠukerCroatiaReal Madrid
73%
1971George BestNorthern IrelandManchester United
73%
1968George BestNorthern IrelandManchester United
73%
1963Lev YashinSoviet UnionDynamo Moscow
73%
1991Lothar MatthäusGermanyInter Milan
73%
1990Lothar MatthäusGermanyInter Milan
73%
1965EusébioPortugalBenfica
72%
1962EusébioPortugalBenfica
72%
1966EusébioPortugalBenfica
72%
1960Ferenc PuskásHungaryReal Madrid
72%
1994Roberto BaggioItalyJuventus
72%
1993Roberto BaggioItalyJuventus
72%
1995Jari LitmanenFinlandAjax
66%
1989Frank RijkaardNetherlandsAC Milan
65%
1988Frank RijkaardNetherlandsZaragoza / AC Milan
65%
1991Jean-Pierre PapinFranceMarseille
65%
1996Matthias SammerGermanyBorussia Dortmund
63%
1960Luis SuárezSpainBarcelona
62%
1964Luis SuárezSpainInter Milan
62%
1961Luis SuárezSpainBarcelona / Inter Milan
62%
1965Luis SuárezSpainInter Milan
62%
1979Karl-Heinz RummeniggeWest GermanyBayern München
58%
1980Karl-Heinz RummeniggeWest GermanyBayern München
58%
1981Karl-Heinz RummeniggeWest GermanyBayern München
58%
1956Stanley MatthewsEnglandBlackpool
55%
1970Bobby MooreEnglandWest Ham United
53%
1989Franco BaresiItalyAC Milan
53%
1993Dennis BergkampNetherlandsAjax / Inter Milan
52%
1992Dennis BergkampNetherlandsAjax
52%
1983Kenny DalglishScotlandLiverpool
52%
1982Paolo RossiItalyJuventus
52%
1957Raymond KopaFranceReal Madrid
52%
1958Raymond KopaFranceReal Madrid
52%
1956Raymond KopaFranceReims / Real Madrid
52%
1959Raymond KopaFranceReal Madrid / Reims
52%
1986Gary LinekerEnglandEverton / Barcelona
51%
1995Jürgen KlinsmannGermanyTottenham Hotspur / Bayern München
50%
1977Kevin KeeganEnglandLiverpool / Hamburger SV
50%
1978Kevin KeeganEnglandHamburger SV
50%
1979Kevin KeeganEnglandHamburger SV
50%
1987Emilio ButragueñoSpainReal Madrid
42%
1986Emilio ButragueñoSpainReal Madrid
42%
1964Denis LawScotlandManchester United
41%
1958Just FontaineFranceReims
38%
1997Predrag MijatovićYugoslaviaReal Madrid
37%
1969Gianni RiveraItalyAC Milan
36%
1963Gianni RiveraItalyAC Milan
36%
1977Allan SimonsenDenmarkBorussia Mönchengladbach
32%
1983Allan SimonsenDenmarkCharlton Athletic / Vejle BK
32%
1973Dino ZoffItalyJuventus
32%
1990Andreas BrehmeGermanyInter Milan
31%
1986Igor BelanovSoviet UnionDynamo Kyiv
31%
1975Oleg BlokhinSoviet UnionDynamo Kyiv
31%
1962Josef MasopustCzechoslovakiaDukla Prague
30%
1967Flórián AlbertHungaryFerencváros
28%
1961Omar SívoriItalyJuventus
25%
1987Paulo FutrePortugalPorto / Atlético Madrid
25%
1982Zbigniew BoniekPolandWidzew Łódź / Juventus
24%
1990Salvatore SchillaciItalyJuventus
23%
1985Bernd SchusterWest GermanyBarcelona
22%
1980Bernd SchusterWest Germany1. FC Köln / Barcelona
22%
1981Bernd SchusterWest GermanyBarcelona
22%
1981Paul BreitnerWest GermanyBayern München
22%
1971Sandro MazzolaItalyInter Milan
21%
1960Uwe SeelerWest GermanyHamburger SV
21%
1965Giacinto FacchettiItalyInter Milan
20%
1963Jimmy GreavesEnglandTottanham Hotspur
20%
1991Dejan SavićevićYugoslaviaRed Star Belgrade
19%
1984Jean TiganaFranceGirondins de Bordeaux
19%
1959John CharlesWalesJuventus
19%
1982Alain GiresseFranceGirondins de Bordeaux
17%
1957Billy WrightEnglandWolverhampton Wanderers
15%
1957Duncan EdwardsEnglandManchester United
15%
1958Helmut RahnWest GermanyRot-Weiss Essen
15%
1972Günter NetzerWest GermanyBorussia Mönchengladbach
14%
1991Darko PančevYugoslaviaRed Star Belgrade
13%
1978Hans KranklAustriaRapid Wien / Barcelona
13%
1967Jimmy JohnstoneScotlandCeltic
12%
1985Preben ElkjærDenmarkHellas Verona
12%
1984Preben ElkjærDenmarkLokeren / Hellas Verona
12%
1976Rob RensenbrinkNetherlandsAnderlecht
12%
1978Rob RensenbrinkNetherlandsAnderlecht
12%
1964AmancioSpainReal Madrid
11%
1974Kazimierz DeynaPolandLegia Warsaw
11%
1979Ruud KrolNetherlandsAjax
11%
1968Dragan DžajićYugoslaviaRed Star Belgrade
10%
1962Karl-Heinz SchnellingerWest Germany1. FC Köln
9%
1961Johnny HaynesEnglandFulham
7%
1976Ivo ViktorCzechoslovakiaDukla Prague
6%

Score Distribution

Percentile by Number Answered

Percent of People with Each Score

Your Score History

You have not taken this quiz since the last reset